000 00510nam a2200157 4500
001 126419
003 ES-MaACL
005 20230906192821.0
007 t|
008 070214s1903 fr r ||||1| fre d
100 1 _aRenouvier, Charles.
_996235
245 1 3 _aLe personnalisme, suivi d'une étude sur la perception externe et sur la force /
_cpar Charles Renouvier.
260 _aParis :
_b[s. n.],
_c1903 (
_eEvreux :
_fCharles Herissy)
300 _aVIII, 537 p. ;
_c23 x 14 cm.
852 _aES-MaACL
_jB-7051
999 _c126419
_d126419